000 03048nam a22003257a 4500
001 EPSCPA 0009
003 gtcocun
005 20250820184923.0
006 a||||gr|||| 00| 0
007 ta
008 250820b2015 gt ||||| m||| 00| 0 eng d
040 _agtcocun
_bSPA
_cgtcocun
_eRDA
041 _aSPA EPSCPA 0009
084 _0EPSCPA 0009
100 _aMota Gómez, Lauren Lourdes
_eAutor
245 _aINFORME FINAL DEL EJERCICIO PROFESIONAL SUPERVISADO REALIZADO EN COOPERATIVA AGRÍCOLA INTEGRAL SAMAC, R.L., COBÁN, ALTA VERAPAZ/
_cLauren Lourdes Mota Gómez.
_hImpreso
264 _aCobán, Alta Verapaz:
_bUniversidad de San Carlos de Guatemala, Centro Universitario del Norte, Carrera de Contaduría Pública y Auditoría
_c2015
300 _a131 p.:
_bIlustraciones, gráficas.
_c28 cm;
336 _2rdacontenido
_aTexto
_btxt
337 _2rdamedio
_aComputadora
_bn
338 _2rdasoporte
_aCódigo en línea
_bcr
502 _eEPSCPA 0009
502 _aTesis de grado
_bCarrera de Contaduría Pública y Auditoría,
_cUniversidad de San Carlos de Guatemala, Centro Universitario del Norte, Carrera de Contaduría Pública y Auditoría
_d2015
_oEPSCPA 0009
520 1 4 _aLa Universidad de San Carlos de Guatemala, por medio de la Facultad de Ciencias Económicas implementa el Ejercicio Profesional Supervisado -EPS- el cual permite al estudiante conocer la realidad económica-social que vive la población y así prestar sus servicios tanto en el sector público como privado, su finalidad contribuir a la solución de problemas que afecten áreas importantes para el desarrollo adecuado de sus actividades, mediante la búsqueda de alternativas viables para el cumplimiento de objetivos. Durante el desarrollo del Ejercicio Profesional Supervisado realizado en la Cooperativa Agrícola Integral Samac, R.L., en la etapa de diagnóstico se identificaron áreas débiles, como lo son: La cartera de créditos demuestra alto grado de morosidad y carencia de análisis de la situación financiera; el rubro de propiedad, planta y equipo, refleja falta de objetividad según la Norma Internacional de Contabilidad y la Ley del ISR; el costo unitario de la producción de café es determinado empíricamente; y deficiencia en la veracidad de los montos establecidos en sus Estados Financieros. Para el desarrollo de soluciones viables de cada uno de los problemas identificados, se realizó un plan de trabajo, dándose a conocer las actividades específicas según el área, como lo son: Auditoria externa de cuentas por cobrar; auditoria externa de propiedad, planta y equipo; diseño de un sistema de control interno para inventarios; y propuesta de costo de producción para la producción de café.
650 _2LEMB
_aCobán, Alta Verapaz
_xAuditoría
_xDiagnóstico
_xCartera de créditos
_xSituación financiera
_xContabilidad
700 _eAsesor
856 _uSin archivo en línea
_zSin archivo en línea
942 _2ddc
_cTES
_iEPSCPA 0009
_kClasificación
_n0
_6EPSCPA_0009_000000000000000
999 _c1241
_d1241